00342nam a22001217a 450000500170000000800410001704000130005808200290007110000170010024500550011726000370017230000110020920151026122817.0151026b xxu||||| |||| 00| 0 eng d cPK-LaUMT aKHC 307.720954914bSAG-C aSaghir Ahmad aClass and power in a punjabi villagecSaghir Ahmad aLahorebPunjab adbi markazc1977 a154 p.